Hermitcraft members - Statistics

General Stats
  • This quiz has been taken 93 times
  • The average score is 20 of 25
Answer Stats
Answer % Correct
Grian
100%
GeminiTay
98%
GoodTimesWithScar
98%
Mumbo Jumbo
94%
PearlescentMoon
92%
JoeHills
91%
Skizzleman
91%
TangoTek
91%
BdoubleO100
89%
impulseSV
87%
SmallishBeans
85%
EthosLab
81%
Xisumavoid
81%
ZombieCleo
81%
FalseSymmetry
79%
Cubfan135
74%
Rendog
68%
iJevin
66%
Docm77
64%
Keralis
64%
Welsknight
64%
VintageBeef
62%
ZedaphPlays
53%
xBCrafted
51%
Hypnotizd
47%
No matching quizzes found
Score Distribution
Percent of People with Each Score
Percentile by Number Answered
Your Score History
You have not taken this quiz